| 000 | 00430nam a2200169Ia 4500 | ||
|---|---|---|---|
| 005 | 20240731055206.0 | ||
| 008 | 240331s9999 xx 000 0 und d | ||
| 082 |
_a291.5 _bAUR |
||
| 100 | _aAurobindo, S | ||
| 245 | 4 |
_aThe Mother : _bfecsimiles and text of the original manuscript |
|
| 250 | _a3rd | ||
| 260 |
_aPondicherry _bAll India books _c1984 |
||
| 300 | _a29 p ., | ||
| 650 | _aReligion | ||
| 650 | _aPsychical | ||
| 942 | _cL | ||
| 999 |
_c875 _d875 |
||